00358nam a2200133Ia 4500008004000000020001800040082001800058100003000076245003300106250000500139260004200144300001200186650002600198210210b2002 xxu||||| |||| 00| 0 eng d a81 7649 335 X a574.5076 MACI aMACKENZIE (A) and Others. aInstant notes ecology. Ed.2. a aN DbViva Books Private Limitedc2002 avii,339 aInstant Notes Ecology